Score 0/33 Timer 03:00
0 Plays Today
Clue 4-Letter Word % Correct
● Man of science ●
OR ___-in-the-box
● JACK ●
96.7%
Where you liveHOME
91%
● James ____
US President Gerald
● FORD ●
85.9%
3:05 am or 4:26 pm, e.g.TIME
85.3%
What you eatFOOD
84.3%
● ____ Lloyd ●
OR Animator Disney
● WALT ●
84.3%
____ of ArcJOAN
83.6%
● Man of faith ●
Famed singer Elton
● JOHN ●
83.4%
A contest of speedRACE
83.3%
Repellant spray for attackersMACE
81.6%
A very large bookTOME
81.5%
John Travolta movie: ____/OffFACE
80.9%
Droop like a flowerWILT
80.7%
Cry by a golferFORE
80.6%
The only natural satellite of EarthMOON
80.4%
Truck makerMACK
80.4%
One's general feelingMOOD
79.9%
Clue 4-Letter Word % Correct
● ____ Nadler ●
Romantic flower
● ROSE ●
79.8%
Whine or groanMOAN
79.6%
Mosaic componentTILE
79.1%
A small opening in the skinPORE
78.3%
To strike a positionPOSE
78%
The Earth's is 23.4°TILT
77.9%
● Charlie ____
OR Rate of movement
● PACE ●
77.2%
President William Howard ____TAFT
76.9%
Carry along through the airWAFT
70.5%
An agreementPACT
69.7%
Finesse, thoughtfulnessTACT
65.5%
1980 musical set in New YorkFAME
60.7%
Speed, for exampleRATE
59.2%
● Desmond ____
OR Philosopher David
● HUME ●
58.4%
Mechanical memorizationROTE
57.6%
Smokelike / vaporous emission FUME
53.5%

Today's Daily Dose

Remove Ads.
Support Sporcle.
Get the best of Sporcle when you Go Orange. This ad-free experience offers more features, more stats, and more fun while also helping to support Sporcle. Thank you for becoming a member.

You're not logged in!

Compare scores with friends on all Sporcle quizzes.
OR
Log In

Show Comments

Extras

Top Quizzes Today


Score Distribution

Your Account Isn't Verified!

In order to create a playlist on Sporcle, you need to verify the email address you used during registration. Go to your Sporcle Settings to finish the process.

Report this User

Report this user for behavior that violates our Community Guidelines.

Details: